Orwell i el nostre temps = Orwell for our time / Orwell for our time /
ISBN:
9788409067565
Descripción Física:
51 pàgines ; 17 cm
Colección:
Breus CCCB
; 89
Idioma:
Catalán , Español , English
MARC
| LEADER | 00000aam a2200000 i 4500 | ||
|---|---|---|---|
| 001 | 25248 | ||
| 003 | Arxiu | ||
| 005 | 20260324180729.0 | ||
| 008 | 190304s2018 spc||||| |||||0|| 0 cat|c | ||
| 015 | |a LL2019 |2 bnc | ||
| 017 | |a DL B 27790-2018 |b Biblioteca de Catalunya | ||
| 020 | |a 9788409067565 | ||
| 035 | |a (ES-BaCBU).b72595784 | ||
| 040 | |a ES-BaCCC |b cat |e rda |c ES-BaCCC |d ES-BaBC | ||
| 041 | 0 | |a spa |a eng | |
| 080 | |a 821.111Orwell, George.09 |2 2004 | ||
| 100 | 1 | |a Garton Ash, Timothy, |e autor | |
| 245 | 1 | 0 | |a Orwell i el nostre temps = |b Orwell for our time / |c Timothy Garton Ash ; Traducció al català: Eduard Bartoll ; Edició de textos: Anna Tetas |
| 264 | 1 | |a Barcelona : |b Centre de Cultura Contemporània de Barcelona, |c [2018] | |
| 300 | |a 51 pàgines ; |c 17 cm | ||
| 336 | |a text |b txt |2 rdacontent | ||
| 337 | |a sense mediació |b n |2 rdamedia | ||
| 338 | |a volum |b nc |2 rdacarrier | ||
| 490 | 1 | |a Breus CCCB ; |v 89 | |
| 500 | |a "Textos cedits per l'autor en ocasió de la conferència pronunciada al Centre de Cultura Contemporània de Barcelona el 5 de juliol del 2017, en el marc del Dia Orwell" -- Verso portada | ||
| 504 | |a Referències bibliogràfiques | ||
| 546 | |a Text en català i anglès | ||
| 600 | 1 | 7 | |a Orwell, George, |d 1903-1950 |x Crítica i interpretació. |2 lemac |
| 700 | 1 | |a Bartoll, Eduard, |e traductor | |
| 700 | 1 | |a Tetas, Anna, |e editor literari |9 53190 | |
| 700 | 1 | 2 | |i Contenidor de (expressió): |a Garton Ash, Timothy. |t Orwell for our time. |
| 700 | 1 | 2 | |i Contenidor de (expressió): |a Garton Ash, Timothy. |t Orwell for our time. |l Català |
| 710 | 2 | |a Centre de Cultura Contemporània de Barcelona |9 52510 | |
| 830 | 0 | |a Breus CCCB ; |v 89 |9 68420 | |
| 907 | |a .b72595784 |b 21-04-21 |c 04-03-19 |d 01-04-19 |e m |f a |g - |h cat |i spc |j 0 |k 0 | ||
| 908 | |a CCCB |a BC | ||
| 940 | |a BC | ||
| 942 | |2 udc |c ARXIU |n 1 | ||
| 949 | |a 1002003925M |b Publicacions CCCB |c 1 |f 04.03.19 |k CCCB | ||
| 949 | |a 1002004010 |b Publicacions CCCB |c 2 |d 7 |f 16.02.22 |k CCCB | ||
| 952 | |0 0 |1 0 |2 udc |4 0 |6 BIB508 |7 1 |9 61291 |a Arxiu |b Arxiu |d 2022-04-12 |l 0 |o Bib-508 |p 25248 |r 2022-04-12 00:00:00 |w 2022-04-12 |y ARXIU | ||
| 952 | |0 0 |1 0 |4 0 |6 PDL |7 0 |9 61292 |a Arxiu |b Arxiu |d 2022-04-12 |l 0 |o PDL |p 25249 |r 2022-04-12 00:00:00 |w 2022-04-12 |y ARXIU | ||
| 999 | |c 81269 |d 81269 | ||